000 00540nam a2200181 a 4500
001 000026661
005 20200930030335.0
008 110324s1997 sp d 000 0 spa d
020 _a8477647402
040 _aDO-SdBNP
_bspa
_cBNPHU
082 _aR 463.1
_bD545o, 1997
245 0 0 _aDiccionario oceano de sinónimos y antónimos.
260 _aBarcelona :
_bOceano,
_c1997.
300 _a1004 p. ;
_c27 cm.
650 4 _aEspañol
_xSinonimos y antonimos
_xDiccionarios
_937334
910 _aValidado. Control de calidad MFF
049 _aBNPD
999 _c26153
_d26153